| 000 | 00531namaa2200181 a 4500 | ||
|---|---|---|---|
| 001 | 38051 | ||
| 003 | BD-RjUL | ||
| 005 | 20211209052719.0 | ||
| 008 | 150901b bg ||||gr|||| 00| 0 eng d | ||
| 035 | _a(BD-RjUL)38156 | ||
| 040 |
_aBD-RjU _beng |
||
| 082 |
_222 _a079.5492 _bINQ |
||
| 245 |
_aদৈনিক ইনকিলাব (Daily Inqilab)/ _cসম্পাদক (Editor) |
||
| 260 |
_aDhaka : _bA M M Bahauddin, |
||
| 650 |
_aDaily Newspaper _zBangladesh _9117503 |
||
| 700 |
_aBahauddin, A M M. _9117814 |
||
| 942 |
_2ddc _cNP |
||
| 999 |
_c38051 _d38051 |
||